000 00765nam a2200229 i 4500
001 113799
003 ES-MaACL
005 20250701063142.0
007 t|
008 061121s1905 sp r ||||1| spa d
080 _a821.134.2-14"18"
080 _a821.134.2-23"18"
100 1 _aNombela, Julio,
_d1836-1919
_985930
245 1 0 _aPoesías, teatro /
_cJulio Nombela.
260 _aMadrid :
_b[s.n.],
_c1905 (
_fAdministración de "La Ultima Moda")
300 _a323 p. ;
_c19 cm.
490 1 _aObras literarias de Julio Nombela ;
_v1
505 8 _aContiene las obras de teatro: Pez en el aire -- Don dinero -- Un ahorcado
830 0 _aObras literarias de Julio Nombela ;
_v1
_9192120
852 _aES-MaACL
_jD-4175
999 _c113799
_d113799